000 00566cam a22002291 4500
001 sa 65003925
003 DLC
005 20260227112126.0
008 891116s1963 ii 000 1 telo
010 _asa 65003925
035 _a(OCoLC)20662635
040 _aDLC
_cWaU
_dDLC
042 _apremarc
050 0 0 _aPL4780.9.K59
_bV5
100 0 _aKōṭasōdarakavulu.
245 1 0 _aVijayakhaḍgamu.
260 _c[1963]
300 _a95 p.
_c18 cm.
500 _aIn Telugu.
500 _aA novel.
600 0 0 _aKhadga Tikkana,
_dactive 12th century
_vFiction.
999 _c63437
_d63437